[Event "Titled Tue 26th Aug Early"]
[Site "chess.com INT"]
[Date "2025.08.26"]
[Round "2"]
[White "Willim, Michael"]
[Black "Rodriguez, Santiago"]
[Result "1-0"]
[WhiteTitle "CM"]
[BlackTitle "CM"]
[WhiteElo "2023"]
[BlackElo "2252"]
[WhiteFideId "4632435"]
[BlackFideId "3000591"]
[EventDate "2025.08.26"]

1. c4 e5 2. Nc3 Nc6 3. Nf3 Bb4 4. Nd5 a5 5. g3 Nf6 6. Bg2 O-O 7. O-O d6 8. d4 e4
9. Ng5 Nxd5 10. cxd5 Ne7 11. a3 Nxd5 12. axb4 Nxb4 13. Nxe4 Bf5 14. Bd2 Nc6 15.
Bc3 Re8 16. Nd2 d5 17. Nf3 f6 18. Qd2 b6 19. Rac1 Qd7 20. b4 axb4 21. Bxb4 Nxb4
22. Qxb4 Rxe2 23. Qc3 Rc8 24. Nh4 Be6 25. Bf3 Ra2 26. Ng2 c5 27. Nf4 Bf7 28. Qb3
Rd2 29. Bxd5 Rxd4 30. Bxf7+ Qxf7 31. Qxb6 g5 32. Ne6 Rb4 33. Qa6 Re8 34. Nxc5
Rb2 35. Nd3 Rd2 36. Rcd1 Ra2 37. Qc6 Ree2 38. Rde1 Qe7 39. Qc4+ Qf7 40. Qxf7+
Kxf7 41. Rxe2 Rxe2 42. Ra1 Kg6 43. Kf1 Rd2 44. Ne1 h5 45. h3 h4 46. g4 Rb2 47.
Ng2 Rb3 48. Ne3 Kf7 49. Ra6 Ke7 50. Kg2 Kf7 51. Kf3 Ke7 52. Ke4 Rb4+ 53. Kf5
Rf4+ 54. Kg6 Rxf2 55. Nd5+ Kd7 56. Rxf6 Rh2 57. Kxg5 Rxh3 58. Rh6 Rd3 59. Nf6+
Ke6 60. Rxh4 Ra3 61. Ne4 Ke5 62. Nf6 Ra6 63. Nh7 Ra5 64. Rh6 Ke4+ 65. Kg6 Kf4
66. g5 Ra6+ 67. Kg7 Ra7+ 68. Kf6 Ra6+ 69. Kg7 Ra7+ 70. Kg8 Ra8+ 71. Nf8 Ra7 72.
g6 Kf5 73. g7 Kg5 74. Rg6+ Kf5 75. Kh8 Ra8 76. g8=Q Rxf8 77. Qxf8+ Kxg6 78. Qg7+
Kf5 79. Qg1 Ke4 80. Kg7 1-0

[Event "Titled Tue 26th Aug Early"]
[Site "chess.com INT"]
[Date "2025.08.26"]
[Round "2"]
[White "Sharipov, Davron"]
[Black "Tarhan, Adar"]
[Result "1-0"]
[WhiteTitle "FM"]
[BlackTitle "IM"]
[WhiteElo "2333"]
[BlackElo "2474"]
[WhiteFideId "14212358"]
[BlackFideId "34544712"]
[EventDate "2025.08.26"]

1. d4 Nf6 2. c4 e6 3. Nc3 d5 4. cxd5 exd5 5. Bg5 c6 6. e3 Bf5 7. Qf3 Be4 8. Bxf6
Qb6 9. Nxe4 Qxb2 10. Rd1 gxf6 11. Nxf6+ Kd8 12. Bd3 Qxa2 13. Ne2 Bb4+ 14. Kf1
Be7 15. g3 h5 16. h4 a5 17. Kg2 a4 18. Nxh5 a3 19. Qxf7 Rf8 20. Qg6 Nd7 21. Nef4
Kc8 22. Qg7 Bd6 23. Ra1 Qd2 24. Rhd1 Qa5 25. Ne6 Re8 26. Bf5 b5 27. Nc5 Re7 28.
Qg6 Bxc5 29. Qxc6+ Kb8 30. Bxd7 Bb4 31. Qxd5 Ra7 32. Bc6 Bc3 33. Ra2 b4 34. Qd6+
Qc7 35. Qc5 Ra5 36. Qc4 Rxh5 37. d5 Qb6 38. Rb1 Kc7 39. Rxa3 Kd6 40. Rxc3 Rg7
41. Rxb4 Qa5 42. Qf4+ Re5 43. Rcc4 Re7 44. Re4 Qa1 45. Rxe5 Rxe5 46. Re4 Qc3 47.
Qxe5+ Qxe5 48. Rxe5 Kxe5 49. h5 Kf6 50. h6 Kg6 51. d6 Kh7 52. d7 Kg6 53. d8=Q
Kh7 54. Qf6 Kg8 55. Qg7# 1-0

[Event "Titled Tue 26th Aug Early"]
[Site "chess.com INT"]
[Date "2025.08.26"]
[Round "2"]
[White "Levi, Eddy L"]
[Black "Kavyev, Ruslan"]
[Result "0-1"]
[WhiteTitle "FM"]
[BlackTitle "FM"]
[WhiteElo "2147"]
[BlackElo "2179"]
[WhiteFideId "3200183"]
[BlackFideId "34110981"]
[EventDate "2025.08.26"]

1. e4 c5 2. Nc3 e6 3. Nf3 a6 4. d3 b5 5. Be2 Bb7 6. O-O Nc6 7. Be3 Rc8 8. d4
cxd4 9. Nxd4 Nxd4 10. Bxd4 Ne7 11. f4 Nc6 12. Be3 Bb4 13. Qe1 O-O 14. Qg3 Ne7
15. Bd4 f6 16. Bd3 Kh8 17. Qh4 Qe8 18. Rf3 Ng6 19. Qh5 Ne7 20. Qh4 Qf7 21. Rh3
Qg8 22. e5 f5 23. a3 Bxc3 24. Bxc3 Nd5 25. Bd4 h6 26. Rf1 Qf7 27. c3 Ne7 28. Be2
Ng6 29. Qg3 Ne7 30. Qh4 Ng8 31. Bh5 Qe7 32. Qg3 Be4 33. Bg6 Rc4 34. Rh5 Rfc8 35.
Qh3 b4 36. axb4 Rxd4 37. cxd4 Rc2 38. Rf2 Qxb4 39. Qe3 Rxb2 40. Rxb2 Qxb2 41. h3
Ne7 42. Qg3 Nd5 43. Kh2 Bxg2 44. Qxg2 Qxg2+ 45. Kxg2 Nxf4+ 46. Kf3 Nxg6 47. Ke3
a5 48. Kd3 a4 49. Kc3 f4 50. Kb4 f3 51. Rh4 Nxh4 0-1

[Event "Titled Tue 26th Aug Early"]
[Site "chess.com INT"]
[Date "2025.08.26"]
[Round "2"]
[White "Gunawardhana, Devindya Oshini"]
[Black "Adewumi, Tanitoluwa"]
[Result "0-1"]
[WhiteTitle "WIM"]
[BlackTitle "IM"]
[WhiteElo "2101"]
[BlackElo "2421"]
[WhiteFideId "29941482"]
[BlackFideId "30966396"]
[EventDate "2025.08.26"]

1. Nf3 Nf6 2. g3 g6 3. Bg2 Bg7 4. d4 O-O 5. O-O d6 6. c4 c6 7. Nc3 Bg4 8. e4
Nbd7 9. Be3 e6 10. h3 Bxf3 11. Bxf3 c5 12. Qe2 cxd4 13. Bxd4 Rc8 14. Rad1 a6 15.
Bg2 Qc7 16. b3 b5 17. Rc1 bxc4 18. Na4 Qb7 19. Rxc4 Rxc4 20. Qxc4 Rc8 21. Qd3
Qb5 22. Qd2 Ne5 23. Ba1 Rd8 24. Rd1 h5 25. f4 Nc6 26. e5 dxe5 27. Qc1 Rxd1+ 28.
Qxd1 exf4 29. Bxc6 Qxc6 30. Qd8+ Ne8 31. Bxg7 Kxg7 32. Qd4+ Kg8 33. Qxf4 Qc2 34.
Qf2 Qb1+ 35. Kh2 Nd6 36. Nc3 Qc1 37. Na4 Nf5 38. Nc5 h4 39. Ne4 hxg3+ 40. Nxg3
Qc7 41. Kg2 Nh4+ 42. Kh1 Qc6+ 43. Kh2 Kf8 44. Nh1 Nf3+ 45. Kg3 Ng5 46. Qh2 Qd6+
47. Kg2 Qd5+ 48. Kg1 Nf3+ 0-1

[Event "Titled Tue 26th Aug Early"]
[Site "chess.com INT"]
[Date "2025.08.26"]
[Round "2"]
[White "Lindholm, Jere"]
[Black "Brodowski, Piotr"]
[Result "1/2-1/2"]
[BlackTitle "IM"]
[WhiteElo "2140"]
[BlackElo "2457"]
[WhiteFideId "508012"]
[BlackFideId "1124480"]
[EventDate "2025.08.26"]

1. e4 c5 2. Nf3 d6 3. d4 cxd4 4. Nxd4 Nf6 5. Nc3 a6 6. Bc4 e6 7. f4 b5 8. Bb3
Bb7 9. e5 b4 10. exf6 bxc3 11. fxg7 Bxg7 12. O-O cxb2 13. Bxb2 Qb6 14. Kh1 Nc6
15. Nf5 Bxb2 16. Nxd6+ Ke7 17. f5 Rad8 18. fxe6 Ne5 19. Nf5+ Kf6 20. Qh5 Ng6 21.
Nh6+ Ke7 22. Rxf7+ Kd6 23. Rd1+ Kc6 24. Qf3+ Kb5 25. Rxb7 Rxd1+ 26. Qxd1 Qxb7
27. Qd3+ Kb6 28. Qe3+ Kc7 29. e7 Be5 30. Nf7 Qb5 31. Nxh8 Qf1+ 32. Qg1 Qxg1+ 33.
Kxg1 Nxe7 34. Nf7 Bf6 35. Nh6 Kd6 36. Ng4 Bd4+ 37. Kf1 Nf5 38. Ke2 h5 39. Nf2
Be5 40. Nd3 Bxh2 41. Kf3 Nd4+ 42. Ke4 Ne2 43. Nf2 Bg1 44. Nh3 Nc3+ 45. Kf3 a5
46. g4 hxg4+ 47. Kxg4 a4 48. Nxg1 axb3 49. axb3 Kc5 50. Nf3 Kb4 51. Kf4 Nb1 52.
Ke4 Na3 53. Nd4 Nxc2 54. Nxc2+ Kxb3 1/2-1/2

[Event "Titled Tue 26th Aug Early"]
[Site "chess.com INT"]
[Date "2025.08.26"]
[Round "2"]
[White "Galchenko, Matvey"]
[Black "Sava, Robert-Gabriel"]
[Result "1-0"]
[WhiteTitle "IM"]
[BlackTitle "CM"]
[WhiteElo "2435"]
[BlackElo "2121"]
[WhiteFideId "24175480"]
[BlackFideId "1265725"]
[EventDate "2025.08.26"]

1. f4 e5 2. fxe5 d6 3. Nf3 dxe5 4. e4 Nf6 5. Bc4 Bc5 6. Qe2 Nc6 7. Bxf7+ Kxf7 8.
Qc4+ Kg6 9. Qxc5 Nxe4 10. Qe3 Nf6 11. O-O Re8 12. d3 Kf7 13. Nc3 Kg8 14. Bd2 Bg4
15. Ne4 Nxe4 16. Qxe4 Bxf3 17. Qxf3 Qd7 18. Bc3 Rab8 19. Rae1 Nd4 20. Qd1 Nb5
21. Rxe5 Nxc3 22. Rxe8+ Rxe8 23. bxc3 Qe6 24. c4 Qe3+ 25. Kh1 c5 26. Qh5 g6 27.
Qd5+ Kg7 28. Qxb7+ Kh6 29. h3 Qe2 30. Qf7 Re7 31. Qf4+ Kh5 32. Rf3 g5 33. Qf6
Qe1+ 34. Rf1 Qe2 35. Kh2 h6 36. Rf2 Qe5+ 37. Qxe5 Rxe5 38. Rf6 g4 39. hxg4+ Kxg4
40. Rxh6 Re2 41. Rc6 Rxc2 42. Rxc5 Rxa2 43. Rd5 a5 44. c5 a4 45. Rd4+ Kf5 46.
Rc4 a3 47. c6 Re2 48. c7 a2 49. c8=Q+ Ke5 50. Ra4 Kd5 51. Qc4+ Ke5 52. Rxa2 Re3
53. Qc5+ Kf4 54. Rf2+ Rf3 55. Rxf3+ Kg4 56. Qf5+ Kh4 57. Rh3# 1-0

[Event "Titled Tue 26th Aug Early"]
[Site "chess.com INT"]
[Date "2025.08.26"]
[Round "2"]
[White "Shandrygin, Nikita"]
[Black "Donoso Aguirre, Maximiliano"]
[Result "1-0"]
[WhiteTitle "FM"]
[BlackTitle "CM"]
[WhiteElo "2209"]
[BlackElo "1978"]
[WhiteFideId "24198668"]
[BlackFideId "3458920"]
[EventDate "2025.08.26"]

1. e4 e5 2. Nf3 Nc6 3. d4 exd4 4. c3 d5 5. exd5 Qxd5 6. cxd4 Bg4 7. Be2 Bb4+ 8.
Nc3 Bxf3 9. Bxf3 Qc4 10. Bxc6+ bxc6 11. Qe2+ Qxe2+ 12. Kxe2 O-O-O 13. Be3 Nf6
14. Rac1 Rhe8 15. Kf3 Kb7 16. Rhd1 Re6 17. g3 Nd5 18. Rd3 Rde8 19. Nxd5 cxd5 20.
Bf4 Bd6 21. Rb3+ Kc8 22. Be3 h5 23. Rb5 Rf6+ 24. Ke2 Rf5 25. Rc6 h4 26. g4 Rg5
27. h3 Kd7 28. Rc3 f5 29. Rxd5 c6 30. Rxf5 Rxf5 31. gxf5 Rf8 32. Rb3 Kc7 33. Kf3
Rxf5+ 34. Kg4 Ra5 35. a3 Be7 36. Bf4+ Kd7 37. Be5 g5 38. Rb7+ Ke6 39. Rc7 Ra6
40. Rb7 Rb6 41. Rxb6 axb6 42. a4 c5 43. Kf3 Kd5 44. Ke3 cxd4+ 45. Bxd4 g4 46.
Bxb6 gxh3 47. Kf3 Bd6 48. b3 Kc6 49. Be3 1-0

[Event "Titled Tue 26th Aug Early"]
[Site "chess.com INT"]
[Date "2025.08.26"]
[Round "2"]
[White "Shearsby, Jude"]
[Black "Kosakowski, Jakub"]
[Result "0-1"]
[WhiteTitle "CM"]
[BlackTitle "GM"]
[WhiteElo "2270"]
[BlackElo "2542"]
[WhiteFideId "462527"]
[BlackFideId "1185080"]
[EventDate "2025.08.26"]

1. e4 c6 2. d4 d5 3. Nc3 dxe4 4. Nxe4 Nf6 5. Ng5 h6 6. Nxf7 Kxf7 7. Nf3 e6 8.
Bd3 Bd6 9. O-O Rf8 10. Re1 Kg8 11. Ne5 Nbd7 12. Qf3 Bxe5 13. dxe5 Qa5 14. b4
Qxb4 15. c3 Qg4 16. exf6 Qxf3 17. gxf3 Nxf6 18. Ba3 Rd8 19. Rad1 Rd5 20. f4 Bd7
21. c4 Ra5 22. Be7 Re8 23. Bxf6 gxf6 24. Kh1 Re7 25. Rg1+ Kf7 26. Bg6+ Kf8 27.
Rd6 Rxa2 28. Rgd1 Be8 29. Rd8 Rxf2 30. Rb8 Rxf4 31. Rdd8 Kg7 32. Bxe8 Rxc4 33.
Bh5 f5 34. Rf8 a5 35. Kg2 a4 36. Rg8+ Kf6 37. Ra8 b5 38. Bf3 Ke5 39. Rgc8 Rd7
40. Rxc6 Rd2+ 41. Kg3 Rxc6 42. Bxc6 Rd3+ 43. Kh4 a3 44. Bxb5 Rb3 45. Bc4 Rb4 46.
Rc8 a2 47. Kh5 a1=Q 48. Rg8 Qd1+ 49. Kxh6 Qd2+ 50. Kh7 Rxc4 51. h4 Rxh4+ 52. Kg7
Qh6+ 53. Kf7 Qf6+ 54. Ke8 Rh8 55. Kd7 Rxg8 56. Kc6 Kf4 0-1

[Event "Titled Tue 26th Aug Early"]
[Site "chess.com INT"]
[Date "2025.08.26"]
[Round "2"]
[White "Sai, Han Thiha"]
[Black "Grischuk, Alexander"]
[Result "0-1"]
[WhiteTitle "FM"]
[BlackTitle "GM"]
[WhiteElo "2117"]
[BlackElo "2667"]
[WhiteFideId "13012290"]
[BlackFideId "4126025"]
[EventDate "2025.08.26"]

1. Nf3 d5 2. g3 Nf6 3. Bg2 c5 4. O-O g6 5. b3 Bg7 6. Bb2 O-O 7. c4 d4 8. b4 Re8
9. d3 cxb4 10. Nxd4 Ng4 11. e3 Ne5 12. Qc2 Na6 13. f4 Ng4 14. Qe2 Nc5 15. h3
Nxe3 16. Qxe3 Na4 17. Nd2 Nxb2 18. N2f3 Na4 19. Rae1 a5 20. Ne5 Ra6 21. Nb5 Nc3
22. Nxc3 bxc3 23. d4 c2 24. Rc1 Rd6 25. d5 e6 26. c5 Rxd5 27. Bxd5 exd5 28. Qd4
Bxh3 29. Rfe1 Bf5 30. Qd2 h5 31. Rxc2 Bxc2 32. Qxc2 Bxe5 33. fxe5 Qg5 34. Qc3 h4
35. Kg2 Qxg3+ 36. Qxg3 hxg3 37. Kxg3 Rc8 38. Rc1 Rc6 39. Kf4 b6 40. Rb1 bxc5 41.
Rb5 a4 42. Ke3 Kg7 43. Ra5 g5 44. Rxa4 Kg6 45. Ra7 c4 46. Kd2 d4 47. Ra5 c3+ 48.
Kc2 d3+ 49. Kxd3 c2 50. Rd5 c1=Q 51. Kd4 Qc3+ 0-1

[Event "Titled Tue 26th Aug Early"]
[Site "chess.com INT"]
[Date "2025.08.26"]
[Round "2"]
[White "Gomes, Luiz Alexandre de Souza"]
[Black "Srihari, L R"]
[Result "0-1"]
[WhiteTitle "FM"]
[BlackTitle "GM"]
[WhiteElo "2254"]
[BlackElo "2482"]
[WhiteFideId "2102790"]
[BlackFideId "46617116"]
[EventDate "2025.08.26"]

1. e4 d6 2. d4 Nf6 3. Nc3 e5 4. Nf3 Nbd7 5. Be2 Be7 6. O-O O-O 7. h3 c6 8. a4
Qc7 9. Re1 Re8 10. Bf1 h6 11. Be3 Nf8 12. Bd3 Ng6 13. Qc1 Bf8 14. a5 Be6 15. Ne2
d5 16. dxe5 Nxe4 17. Bf4 Nxf4 18. Qxf4 g5 19. Qh2 f5 20. exf6 Bd6 21. Qh1 c5 22.
Bxe4 dxe4 23. Nd2 Bf5 24. Nc4 Bf4 25. Nxf4 gxf4 26. Qh2 Kf7 27. Rad1 Rad8 28.
Rxd8 Rxd8 29. h4 h5 30. g3 f3 31. g4 Qxh2+ 32. Kxh2 Bxg4 33. Rxe4 Kxf6 34. Kg3
Rd1 35. Kf4 Rh1 36. Ne3 Rxh4 37. Kg3 Rh3+ 38. Kf4 Be6 39. b4 Rh4+ 40. Kxf3 Rxe4
41. Kxe4 cxb4 42. f4 b3 43. cxb3 Bxb3 44. Ng2 b6 45. axb6 axb6 46. Ne3 b5 47.
Kd4 h4 48. Kc5 Bc4 49. Kd4 h3 50. Ke4 Be2 51. Nd5+ Kf7 52. Nc3 h2 53. Nxe2 h1=Q+
54. Ke3 b4 55. Nd4 Qc1+ 56. Ke4 b3 57. Nxb3 Qc2+ 0-1

[Event "Titled Tue 26th Aug Early"]
[Site "chess.com INT"]
[Date "2025.08.26"]
[Round "2"]
[White "Karamsetty, Jeevan"]
[Black "Yeletsky, Ivan"]
[Result "0-1"]
[WhiteTitle "FM"]
[BlackTitle "FM"]
[WhiteElo "2244"]
[BlackElo "2469"]
[WhiteFideId "2025337"]
[BlackFideId "24180327"]
[EventDate "2025.08.26"]

1. e4 Nc6 2. Nf3 d6 3. d4 Nf6 4. Bd3 e5 5. c3 Bd7 6. h3 g6 7. O-O Bg7 8. Re1 O-O
9. Na3 Re8 10. Nc2 a5 11. b3 d5 12. dxe5 Nxe4 13. Bxe4 dxe4 14. Rxe4 Bf5 15.
Qxd8 Raxd8 16. Re2 Rd1+ 17. Nce1 Nxe5 18. Nxe5 Rxe5 19. Rxe5 Bxe5 20. Bb2 Rxa1
21. Bxa1 Bb1 22. a3 c5 23. Kf1 b5 24. Ke2 Kf8 25. Nd3 Bd6 26. Bb2 c4 27. Nc1 Be4
28. f3 Bd5 29. b4 a4 30. Na2 Ke7 31. Bc1 h5 32. Be3 f6 33. Nc1 Be6 34. Kd2 h4
35. Ne2 Bd7 36. Nf4 Kf7 37. Nd5 Bc6 38. Nf4 g5 39. Ne2 Bd5 40. Nd4 Kg6 41. Nxb5
Be7 42. Nc7 Bc6 43. b5 Bb7 44. b6 Kf5 45. Nb5 Ke6 46. Kc2 f5 47. Kb2 Ke5 48.
Bd4+ Kf4 49. Nc7 g4 50. hxg4 fxg4 51. fxg4 Kxg4 52. Ne6 Bxg2 53. Bc5 Bxc5 54.
Nxc5 h3 55. Nxa4 h2 56. Nc5 h1=Q 57. a4 Qe1 58. Ka3 Qxc3+ 59. Ka2 Qb4 60. b7
Bxb7 61. a5 c3 62. a6 Qb2# 0-1

[Event "Titled Tue 26th Aug Early"]
[Site "chess.com INT"]
[Date "2025.08.26"]
[Round "2"]
[White "Reprintsev, Alexander"]
[Black "Drozdowski, Kacper"]
[Result "0-1"]
[WhiteTitle "IM"]
[BlackTitle "IM"]
[WhiteElo "2256"]
[BlackElo "2450"]
[WhiteFideId "14100541"]
[BlackFideId "1136720"]
[EventDate "2025.08.26"]

1. e4 c5 2. b3 Nc6 3. Bb2 e5 4. f4 d6 5. Qf3 Nf6 6. Bb5 exf4 7. Qxf4 Be7 8. Nf3
O-O 9. Bxc6 bxc6 10. d3 d5 11. Nbd2 Be6 12. O-O a5 13. Ng5 Qd7 14. Nxe6 fxe6 15.
Qg3 a4 16. Nf3 a3 17. Bxf6 Bxf6 18. e5 Be7 19. c4 Rf5 20. Rae1 Raf8 21. Nd2 dxc4
22. bxc4 Qd4+ 23. Qe3 Bg5 24. Qxd4 cxd4 25. Rxf5 exf5 26. Nb3 Be3+ 27. Kf1 Kf7
28. Rb1 Rb8 29. Nd2 Rxb1+ 30. Nxb1 Bc1 31. Ke2 Ke6 32. Kd1 Bb2 33. Nd2 Kxe5 34.
Ke2 g5 35. h3 h5 36. Nf3+ Kf6 37. Nd2 g4 38. hxg4 hxg4 39. Nb3 Ke5 40. Nc5 Kd6
41. Nb7+ Ke6 42. Nc5+ Ke7 43. Kf2 Kd6 44. Nb7+ Ke5 45. Na5 Kd6 46. Nb7+ Ke6 47.
Na5 Kd7 48. Kg3 Bc1 49. Nb3 Be3 50. Na5 Kd6 51. Nb7+ Ke5 52. Na5 Bf4+ 53. Kf2
Kd6 54. Nb7+ Kc7 55. Nc5 Kb6 56. Ne6 Be5 57. Ke2 c5 58. Kd2 Kc6 59. Nd8+ Kc7 60.
Ne6+ Kd6 61. Nd8 Bf6 0-1

[Event "Titled Tue 26th Aug Early"]
[Site "chess.com INT"]
[Date "2025.08.26"]
[Round "2"]
[White "Iskusnyh, Sergei"]
[Black "Rabin, Evan"]
[Result "1-0"]
[WhiteTitle "GM"]
[WhiteElo "2440"]
[BlackElo "1945"]
[WhiteFideId "4120027"]
[BlackFideId "2028670"]
[EventDate "2025.08.26"]

1. d4 Nf6 2. c4 e6 3. g3 c5 4. Nf3 cxd4 5. Nxd4 Bb4+ 6. Bd2 Bxd2+ 7. Qxd2 Nc6 8.
Bg2 O-O 9. Nc3 d5 10. cxd5 exd5 11. O-O Re8 12. Rac1 Bg4 13. h3 Nxd4 14. hxg4
Nc6 15. g5 Ne4 16. Nxe4 dxe4 17. Qe3 Qd4 18. Rc3 Rad8 19. Rfc1 g6 20. Rb3 Qxe3
21. Rxe3 Rd2 22. Rb1 Nd4 23. Kf1 Re5 24. Bxe4 Rxg5 25. Ke1 Rc2 26. Rd1 Rc4 27.
b3 Nc2+ 28. Bxc2 Rxc2 29. a4 Rgc5 30. Rd7 Rc1+ 31. Kd2 R1c2+ 32. Kd3 R2c3+ 33.
Kd4 Rxe3 34. Kxe3 Rc3+ 35. Kd4 Rc2 36. Kd3 Rc5 37. Rxb7 a5 38. Kd4 Rc2 39. Kd3
Rb2 40. Rb5 h5 41. e4 Rxf2 42. Rxa5 Rf3+ 43. Kc4 Rxg3 44. Rd5 h4 45. a5 h3 46.
Rd1 Rg2 47. Rh1 Ra2 48. a6 Rxa6 49. Rxh3 Kf8 50. b4 Ke7 51. b5 Re6 52. Kd5 Kd7
53. Ra3 Rd6+ 54. Kc5 Ke6 55. Ra6 Rxa6 56. bxa6 g5 57. a7 g4 58. a8=Q g3 59. Qg8 1-0

[Event "Titled Tue 26th Aug Early"]
[Site "chess.com INT"]
[Date "2025.08.26"]
[Round "2"]
[White "Dishman, Stephen"]
[Black "Kurpiewski, Slawomir"]
[Result "1-0"]
[WhiteTitle "FM"]
[BlackTitle "CM"]
[WhiteElo "2254"]
[BlackElo "1973"]
[WhiteFideId "403024"]
[BlackFideId "1114530"]
[EventDate "2025.08.26"]

1. d4 f5 2. Bg5 g6 3. Nc3 Bg7 4. h4 h6 5. Bf4 d6 6. e3 Nf6 7. Bc4 c6 8. Qf3 e6
9. Qg3 Kf7 10. Bxd6 b5 11. Bc7 Qe7 12. Bb3 a5 13. a4 b4 14. Nce2 Ne4 15. Qh2 Na6
16. Be5 c5 17. Nf3 Bb7 18. Bxg7 Kxg7 19. Qe5+ Kh7 20. Qxe6 Qxe6 21. Bxe6 Rhe8
22. Bb3 cxd4 23. Nexd4 Nac5 24. Bc4 f4 25. O-O fxe3 26. fxe3 Re7 27. Bb5 Rd8 28.
Rad1 Ng3 29. Rfe1 Rd6 30. Kh2 Nge4 31. Ne2 Rxd1 32. Rxd1 g5 33. hxg5 hxg5 34.
Ng3 Nf2 35. Re1 Ng4+ 36. Kg1 Kg6 37. e4 Nxe4 38. Nxe4 Bxe4 39. Nd2 Nf6 40. Nxe4
Rxe4 41. Bd3 Kf5 42. Rf1+ Ke5 43. Rxf6 Kxf6 44. Bxe4 Ke5 45. Bd3 Kd4 46. b3 Ke3
47. Kh2 Kf4 48. g3+ Kf3 49. Bf5 Ke3 50. Kh3 Kf3 51. Bg4+ Ke3 52. Bh5 Kd2 53. Bg6
Ke3 54. Kg4 Kd4 55. Kxg5 Kc3 56. Kf4 Kb2 57. g4 Ka1 58. Bf5 Ka2 59. g5 Ka3 60.
g6 Kb2 61. g7 Ka3 62. g8=Q Kb2 63. Qg1 Ka2 64. Qe1 Kb2 65. Qd2 Ka2 66. c3+ Ka3
67. cxb4 axb4 68. Qd6 Kxb3 69. a5 Kc4 70. a6 b3 71. a7 b2 72. a8=Q b1=Q 73. Bxb1
Kb3 74. Qab8+ Kc3 75. Qbc7+ Kb2 76. Qdb6+ Ka1 77. Qca7# 1-0

[Event "Titled Tue 26th Aug Early"]
[Site "chess.com INT"]
[Date "2025.08.26"]
[Round "2"]
[White "Gutman, Gennadi"]
[Black "Gavilan Diaz, Mario"]
[Result "1-0"]
[WhiteTitle "GM"]
[BlackTitle "FM"]
[WhiteElo "2445"]
[BlackElo "2195"]
[WhiteFideId "14102277"]
[BlackFideId "2260905"]
[EventDate "2025.08.26"]

1. e4 e6 2. Nf3 d5 3. Nc3 Nf6 4. e5 Nfd7 5. d4 c5 6. dxc5 Nc6 7. Bf4 a6 8. a3
Nxc5 9. b4 Nd7 10. Bd3 Be7 11. O-O O-O 12. Bg3 f6 13. exf6 Bxf6 14. Qd2 Nde5 15.
Nxe5 Nxe5 16. Be2 Nc4 17. Bxc4 dxc4 18. Qe1 Qd4 19. Ne2 Qxa1 20. Qxa1 Bxa1 21.
Rxa1 e5 22. Bxe5 Re8 23. f4 Bg4 24. Nd4 Rad8 25. c3 g5 26. Bf6 Rd5 27. fxg5 Re3
28. Kf2 Rxc3 29. h3 Bd7 30. Re1 Rd3 31. Nf3 Rxa3 32. Re7 c3 33. Rg7+ Kf8 34.
Rxh7 Bf5 35. Rh8+ Kf7 36. Ne5+ Rxe5 37. Bxe5 c2 38. Bf4 Rc3 39. Bc1 Rd3 40. g4
Be4 41. Rc8 Rd1 42. Be3 Bc6 43. h4 c1=Q 44. Bxc1 Rxc1 45. h5 Rh1 46. Rc7+ Ke6
47. g6 Be8 48. Kg3 Kf6 49. Rxb7 Rg1+ 50. Kf4 Rf1+ 51. Ke3 Rg1 52. Rb6+ Kg5 53.
g7 Bf7 54. Rg6+ 1-0

[Event "Titled Tue 26th Aug Early"]
[Site "chess.com INT"]
[Date "2025.08.26"]
[Round "2"]
[White "Wen, Gehua"]
[Black "Bologan, Victor"]
[Result "0-1"]
[WhiteTitle "CM"]
[BlackTitle "GM"]
[WhiteElo "2196"]
[BlackElo "2601"]
[WhiteFideId "8603430"]
[BlackFideId "13900048"]
[EventDate "2025.08.26"]

1. d4 d6 2. Nf3 Nf6 3. c4 g6 4. Nc3 Bf5 5. Bf4 Bg7 6. e3 O-O 7. Bd3 Bxd3 8. Qxd3
Nbd7 9. O-O Re8 10. Bg3 e5 11. dxe5 dxe5 12. Qc2 c6 13. Rfd1 Qe7 14. h3 a5 15.
Nd2 Nc5 16. Nde4 Nfxe4 17. Nxe4 Nxe4 18. Qxe4 f5 19. Qc2 Qf7 20. f3 e4 21. f4
Qe7 22. Rab1 Qc5 23. Bf2 Red8 24. b3 b5 25. Rxd8+ Rxd8 26. Rc1 Bf8 27. cxb5 Qxc2
28. Rxc2 cxb5 29. Kf1 a4 30. bxa4 bxa4 31. Ke2 a3 32. Be1 Kf7 33. Bc3 Rc8 34.
Kd2 Ke6 35. Bd4 Bb4+ 36. Kd1 Rd8 37. Rc4 Bd6 38. Kc2 h6 39. Rc6 Kd5 40. Ra6 g5
41. Ra5+ Ke6 42. fxg5 hxg5 43. g4 f4 44. Rxg5 f3 45. Rf5 Rc8+ 46. Kb3 Rc1 47.
Rf6+ Ke7 48. g5 Rg1 49. g6 Rg2 50. h4 Rh2 51. g7 Rg2 52. Rf5 Ke6 53. Rf6+ Ke7
54. Rf5 Ke6 55. Rg5 Rxg5 56. hxg5 Kf7 57. g8=Q+ Kxg8 0-1

[Event "Titled Tue 26th Aug Early"]
[Site "chess.com INT"]
[Date "2025.08.26"]
[Round "2"]
[White "Ivannikov, Maksim"]
[Black "Troltenier, Dirk"]
[Result "0-1"]
[WhiteTitle "CM"]
[BlackTitle "FM"]
[WhiteElo "2100"]
[BlackElo "2162"]
[WhiteFideId "34275339"]
[BlackFideId "4606400"]
[EventDate "2025.08.26"]

1. e4 e5 2. Nf3 d6 3. Bc4 Be7 4. O-O Nf6 5. d3 O-O 6. Nbd2 Nc6 7. c3 a6 8. Bb3
Be6 9. Bc2 h6 10. d4 Bg4 11. d5 Nb8 12. Re1 Nh7 13. h3 Bc8 14. Nf1 Ng5 15. Ng3
Nxf3+ 16. Qxf3 Bg5 17. Rf1 Bxc1 18. Raxc1 Nd7 19. Qe3 Qg5 20. f4 exf4 21. Rxf4
Ne5 22. Rcf1 Ng6 23. R4f3 Qxe3+ 24. Rxe3 Bd7 25. Ne2 Rae8 26. Nd4 Re7 27. Rg3
Rfe8 28. Nf5 Bxf5 29. exf5 Nh4 30. Re1 Rxe1+ 31. Kh2 f6 32. Rg4 R1e2 33. Bd1
Nf3+ 34. Kg3 Ne1 35. Bxe2 Rxe2 36. Rc4 Re7 37. Rd4 Nc2 38. Rd2 Ne3 39. Kf4 Kf7
40. b3 Re5 41. c4 Ke7 42. g4 Kd7 43. Rd3 b5 44. Rxe3 Rxe3 45. Kxe3 bxc4 46. bxc4
c6 47. Kd4 c5+ 48. Ke3 Kc7 49. Kf3 Kb6 50. Kg3 Ka5 51. Kh4 Kb4 52. Kh5 Kxc4 53.
Kg6 Kxd5 54. Kxg7 c4 55. Kxf6 c3 56. Kg7 c2 57. f6 c1=Q 58. f7 Qg5+ 59. Kh8 Qf6+
60. Kg8 Qg6+ 61. Kh8 Qxf7 62. g5 hxg5 63. a4 Qh5+ 64. Kg7 Qxh3 65. a5 Qf5 66.
Kh6 g4 67. Kg7 g3 68. Kh6 g2 69. Kg7 g1=Q+ 70. Kh6 Qh3# 0-1

[Event "Titled Tue 26th Aug Early"]
[Site "chess.com INT"]
[Date "2025.08.26"]
[Round "2"]
[White "Skliarov, Viktor"]
[Black "Brozynski, Patryk"]
[Result "1-0"]
[WhiteTitle "IM"]
[BlackTitle "CM"]
[WhiteElo "2334"]
[BlackElo "2121"]
[WhiteFideId "14106736"]
[BlackFideId "2512700"]
[EventDate "2025.08.26"]

1. e4 c5 2. Nf3 e6 3. d4 cxd4 4. Nxd4 a6 5. Nc3 Qc7 6. Be2 Nc6 7. O-O Nf6 8. Be3
b5 9. Nxc6 dxc6 10. Bf3 e5 11. a4 b4 12. Nb1 Be6 13. Nd2 Be7 14. Qe2 O-O 15. Nc4
c5 16. Bg5 Rfd8 17. Rfd1 Rd4 18. Ne3 Rad8 19. Bxf6 Bxf6 20. b3 Bg5 21. Nd5 Bxd5
22. exd5 Qd6 23. Rxd4 cxd4 24. Qc4 a5 25. Qc6 Qxc6 26. dxc6 Rc8 27. Bd5 Bd8 28.
Re1 Bc7 29. Kf1 Kf8 30. Ke2 Ke7 31. Kd3 f6 32. Kc4 Kd6 33. Be4 g6 34. g4 Rb8 35.
h4 Rf8 36. Rg1 f5 37. gxf5 gxf5 38. Bd5 e4 39. Rg7 Rd8 40. Rxh7 e3 41. fxe3 dxe3
42. Bf3 e2 43. Bxe2 Kxc6 44. Bf3+ Kb6 45. Rh6+ Ka7 46. Bd5 Rd7 47. Rf6 f4 48. h5
Re7 49. h6 Be5 50. Rf5 Bb8 51. Rh5 Be5 52. h7 Bb2 53. Bf3 Rc7+ 54. Kb5 Bh8 55.
Be4 Re7 56. Bd3 f3 57. Kxa5 f2 58. Kxb4 Rf7 59. Rh1 Rf6 60. Kc5 Rf5+ 61. Bxf5
Kb7 62. Kd5 Ka6 63. Rf1 Ka5 64. Bd3 Kb4 65. Ke6 Kc3 66. Rxf2 Kb2 67. Rf5 Bc3 68.
Kf7 Ka1 69. Kg8 Bb2 70. h8=Q Bxh8 71. Kxh8 Kb2 72. Kg7 Kc1 73. Kf6 Kb2 74. Ke5
Kc1 75. Kd4 Kb2 76. a5 Ka3 77. Kc3 Ka2 78. Rf1 Ka3 79. Ra1# 1-0